00365nam a2200121Ia 4500008004100000082001800041100001500059245004500074260002800119365000600147630004500153730004500198100415s9999 xx 000 0 und d b8526a730(54) aMathur NL aSculpture in India : Its History and Art aNEW DELHIc1972bAUTHOR b0 aSculpture in India : Its History and Art aSculpture in India : Its History and Art